Simple dreams : a musical memoir

Bibliographic Details
Main Author: Ronstadt, Linda
Format: Book
Published: New York : Simon & Schuster , 2013
Subjects:

MARC

LEADER 00000cam a2200000 7i4500
001 0000180796
005 20140519.0
020 |a 9781451668728 
090 0 0 |a 782.42164092   |b RON 
100 1 |a Ronstadt, Linda 
245 1 0 |a Simple dreams :   |b a musical memoir   |c Linda Ronstadt 
260 |a New York :   |b Simon & Schuster ,   |c 2013 
300 |a 242p. ;   |c 22cm. 
600 0 0 |a Ronstadt, Linda 
650 0 0 |a Singers   |x United States   |x Biography 
999 |a 00294978   |b BUKU   |c PINJAMAN   |e PERPUSTAKAAN KOMUNITI PETALING JAYA